Viaje a la Alcarria : las botas de siete leguas /

Bibliographic Details
Main Author: Cela, Camilo José, 1916-2002
Format: Book
Language:Spanish
Published: Madrid : Espasa-Calpe, [1964]
Edition:4. ed.
Series:Colección Austral ; no. 1141
Subjects:

MARC

Tag First Indicator Second Indicator Subfields
LEADER 00000cam a2200000Ii 4500
001 in00002392811
005 20230621195024.9
008 790622s1964 sp 000 0 spa d
019 |a 1507826 
035 |a (OCoLC)ocm05095211 
035 |a (OCoLC)5095211  |z (OCoLC)1507826 
040 |a CFI  |c CFI  |d OCL  |d CSU  |d OCLCQ  |d TXA  |d UtOrBLW 
043 |a e-sp--- 
049 |a TXAM 
090 |a DP302.L13  |b C4 1964 
100 1 |a Cela, Camilo José,  |d 1916-2002. 
245 1 0 |a Viaje a la Alcarria :  |b las botas de siete leguas /  |c Camilo José Cela. 
250 |a 4. ed. 
264 1 |a Madrid :  |b Espasa-Calpe,  |c [1964] 
264 4 |c ©1964 
300 |a 163 pages ;  |c 18 cm. 
336 |a text  |b txt  |2 rdacontent 
337 |a unmediated  |b n  |2 rdamedia 
338 |a volume  |b nc  |2 rdacarrier 
490 0 |a Colección Austral ;  |v no. 1141 
500 |a At head of title: Las botas de siete leguas. 
500 |a The Evans Library copy forms part of the Lee Fontanella Collection. 
651 0 |a Alcarria (Spain)  |x Description and travel. 
740 0 |a Botas de siete leguas. 
994 |a C0  |b TXA 
948 |a cataloged  |b h  |c 2008/6/10  |d c  |e jlanham  |f 10:45:08 am 
999 |a MARS 
999 f f |s cbc3466f-f965-33f3-a9b0-637fe40de951  |i 62b2d4e1-23f8-31f2-b8b8-c9233e8e21b3  |t 0 
952 f f |p ric  |a Texas A&M University  |b Rellis Campus  |c Joint Library Facility  |d Remote Storage  |t 0  |e DP302.L13 C4 1964  |h Library of Congress classification  |i unmediated -- volume  |m A14837252889 
998 f f |a DP302.L13 C4 1964  |t 0  |l Remote Storage